Statistics for Exotické ovoce #1

Click here to take the quiz!

General Stats

  • This quiz has been taken 39 times
  • The average score is 13 of 20

Answer Stats

Answer% Correct
Avokádo
100%
Banán
97%
Kokosový ořech
97%
Ananas
95%
Citron
95%
Kiwi
95%
Granátové jablko
92%
Datle
86%
Kaki
86%
Liči
86%
Pomelo
78%
Fíky
76%
Papája
76%
Mango
73%
Durian
43%
Karambola
32%
Naši
11%
Plantain
11%
Čerimoja
3%
Kvajáva
3%

Score Distribution

Percentile by Number Answered

Percent of People with Each Score

Your Score History

You have not taken this quiz